书目信息

书名: 常见药用植物快速识别 
作者: 张贵君 石福臣, 编著 ;马红 王晶娟 编著
出版信息: 北京   中国林业出版社  2017
开本页数: 21cm  306页
丛书名: 植物快速识别丛书
单 册:
中图分类: R28 R282.71
科图分类:
主题词: 药用植物--yao yong zhi wu--识别
电子资源:
ISBN: 978-7-5038-9318-6
000 01571oam2 22003371 450
001 0106114159
005 20190906114159.0
010    @a978-7-5038-9318-6@dCNY80.00
100    @a20180206d2017 em y0chiy0121 ea
101 @achi
102    @aCN@b110000
105    @aa z 001yy
106    @ar
200 @a常见药用植物快速识别@Achang jian yao yong zhi wu kuai su shi bie@f张贵君, 石福臣主编
210    @a北京@c中国林业出版社@d2017
215    @a306页@c彩图@d21cm
225 @a植物快速识别丛书@Azhi wu kuai su shi bie cong shu
314    @a本书编著者: 马红, 王晶娟, 毛莹, 方土福, 孔增科等
314    @a张贵君, 男, 资深中药专家。中国商品学会副会长、中国商品学会中药分会会长。北京中医药大学中药学专业教授、博士研究生导师。石福臣, 男, 1966年生, 黑龙江肇东人。南开大学生命科学学院植物学教授、博士生导师、系主任, 日本东京大学农学博士。
320    @a有索引
330    @a本书依据全国高等医药院校规划教材《中药鉴定学》和《药用植物学》的基本内容。收载了学生必须掌握和常见常用的药用植物133科594种, 并采用了系统分类的方法, 以科为纲、以药用植物为目、以形态识别要点为基本内容, 涵盖常用中药材300余种, 每种药用植物均介绍其形态特征、生态习性、分布情况、药用部位、快速识别要点等内容。
410  0 @12001@a植物快速识别丛书
606 @a药用植物@Ayao yong zhi wu@x识别
690    @aR28@v5
690    @aR282.71@v5
701  0 @a张贵君@Azhang gui jun@4编著
701  0 @a石福臣,@Ashi fu chen@f1966-@4编著
702  0 @a马红@Ama hong@4编著
702  0 @a王晶娟@Awang jing juan@4编著
801  0 @aCN@b人天书店@c20180614
905    @aCKNYKJZYXY@b300589654-5@dR28@e188@f2
    
    常见药用植物快速识别/张贵君, 石福臣主编.-北京:中国林业出版社,2017
    306页:彩图;21cm.-(植物快速识别丛书)
    
    
    ISBN 978-7-5038-9318-6:CNY80.00
    本书依据全国高等医药院校规划教材《中药鉴定学》和《药用植物学》的基本内容。收载了学生必须掌握和常见常用的药用植物133科594种, 并采用了系统分类的方法, 以科为纲、以药用植物为目、以形态识别要点为基本内容, 涵盖常用中药材300余种, 每种药用植物均介绍其形态特征、生态习性、分布情况、药用部位、快速识别要点等内容。
相关链接 在五车中查询图书 在当当中查询图书 在豆瓣中查询图书


正题名:常见药用植物快速识别     索取号:R28/188         预约/预借

序号 登录号 条形码 馆藏地/架位号 状态 备注
1 589654   300589654   柳城-4楼/6架10列4层/ [索取号:R28/188] 在馆    
2 589655   300589655   柳城-4楼/6架10列4层/ [索取号:R28/188] 在馆